Geometry of The Universe, The (Record no. 528000)

MARC details
000 -LEADER
fixed length control field 01430nam a2200205Ia 4500
008 - FIXED-LENGTH DATA ELEMENTS--GENERAL INFORMATION
fixed length control field 240822s9999 xx 000 0 und d
020 ## - INTERNATIONAL STANDARD BOOK NUMBER
ISBN 9789811233869
Paper back/Hardbound hbk
041 ## - LANGUAGE CODE
Language code of text/sound track or separate title eng
082 ## - DEWEY DECIMAL CLASSIFICATION NUMBER
Classification number 523.1
Item number ROU
100 ## - MAIN ENTRY--AUTHOR NAME
Personal name Rourke, Colin
245 #0 - TITLE STATEMENT
Title Geometry of The Universe, The
Statement of responsibility, etc Rourke Colin
250 ## - EDITION STATEMENT
Edition statement 1st Ed.,
260 ## - PUBLICATION, DISTRIBUTION, ETC. (IMPRINT)
Name of publisher World Scientific
Year of publication 2021
Place of publication London
300 ## - PHYSICAL DESCRIPTION
Number of Pages xiii, :247p.
Dimensions 6.25 x 1 x 9.25 inches
520 ## - SUMMARY, ETC.
Summary, etc Cosmology, the study of the universe, arouses a great deal of public interest, with serious articles both in the scientific press and in major newspapers, with many of the theories and concepts (e.g. the 'big bang' and 'black holes') discussed, often in great depth.Accordingly the book is divided into three parts: Part 1 is readable (and understandable) by anyone with a nodding acquaintance with the basic language of cosmology: events, lights paths, galaxies, black holes and so on. It covers the whole story of the book in a way as untechnical as possible given the scope of the topics covered.Part 2 covers the same ground again but with enough technical details to satisfy a reader with basic knowledge of mathematics and/or physics.Part 3 consists of appendices which are referred to in the other parts and which also contain the highly technical material omitted from Section 2.
650 ## - SUBJECT ADDED ENTRY--TOPICAL TERM
Topical Term Physics
Topical Term Geometry of the universe
700 ## - ADDED ENTRY--PERSONAL NAME
Personal name Rourke, Colin
942 ## - ADDED ENTRY ELEMENTS (KOHA)
Koha item type English Books
Holdings
Withdrawn status Lost status Damaged status Not for loan Home library Current library Shelving location Date acquired Cost, normal purchase price Full call number Accession Number Price effective from Koha item type
        Anna Centenary Library Anna Centenary Library 5TH FLOOR, A WING 05.04.2024 7301.36 523.1 ROU 660921 22.08.2024 Reference

Find us on the map